| 000 | 00731nam a2200241Ia 4500 | ||
|---|---|---|---|
| 003 | OSt | ||
| 005 | 20220923221140.0 | ||
| 006 | a|||||r|||| 00| 0 | ||
| 007 | ta | ||
| 008 | 220922b |||||||| |||| 00| 0 hin d | ||
| 024 | _a195,615 | ||
| 037 | _cTextual | ||
| 040 |
_aARTS _cARTS _bhin |
||
| 041 |
_2hin _ahin |
||
| 082 | _aR33, 152L3(ER) | ||
| 100 | _aखान, बैन्जामिन | ||
| 245 | 0 | _aसमसामयिक वस्तुवाद | |
| 246 | _aSamasāmayik vastuvāda | ||
| 260 |
_aभोपाल _b मध्यप्रदेश _c1973 |
||
| 300 |
_a164पृ. _ccm. |
||
| 942 |
_hR33, 152L3(ER) _cTEXL _2CC |
||
| 999 |
_c347759 _d347759 |
||